<?xml version="1.0" encoding="UTF-8"?>
<record
    xmlns:xsi="http://www.w3.org/2001/XMLSchema-instance"
    xsi:schemaLocation="http://www.loc.gov/MARC21/slim http://www.loc.gov/standards/marcxml/schema/MARC21slim.xsd"
    xmlns="http://www.loc.gov/MARC21/slim">

  <leader>01207nam a22002777a 4500</leader>
  <controlfield tag="001">2514</controlfield>
  <controlfield tag="003">HMS</controlfield>
  <controlfield tag="005">20250617114646.0</controlfield>
  <controlfield tag="008">250617e1998    cl a|||frnou| 001 0 spa  </controlfield>
  <datafield tag="020" ind1=" " ind2=" ">
    <subfield code="a">9788478692941</subfield>
  </datafield>
  <datafield tag="040" ind1=" " ind2=" ">
    <subfield code="a">hms</subfield>
    <subfield code="b">spa</subfield>
    <subfield code="c">hms</subfield>
  </datafield>
  <datafield tag="050" ind1="0" ind2="4">
    <subfield code="a">WS350.8 </subfield>
    <subfield code="b">O69</subfield>
  </datafield>
  <datafield tag="100" ind1="1" ind2=" ">
    <subfield code="a">Orjales Villar, Isabel</subfield>
    <subfield code="e">autor</subfield>
    <subfield code="9">3551</subfield>
  </datafield>
  <datafield tag="245" ind1="1" ind2="0">
    <subfield code="a">D&#xE9;ficit de atenci&#xF3;n con hiperactividad :</subfield>
    <subfield code="b">Manual para padres y educadores /</subfield>
    <subfield code="c">Isabel Orjales Villar.</subfield>
    <subfield code="h">[libro]</subfield>
  </datafield>
  <datafield tag="246" ind1=" " ind2=" ">
    <subfield code="a">Manual para padres y educadores</subfield>
  </datafield>
  <datafield tag="250" ind1=" " ind2=" ">
    <subfield code="a">Cuarta Edici&#xF3;n </subfield>
  </datafield>
  <datafield tag="260" ind1=" " ind2=" ">
    <subfield code="a">Espa&#xF1;a :</subfield>
    <subfield code="b">CEPE,</subfield>
    <subfield code="c">2002</subfield>
  </datafield>
  <datafield tag="300" ind1=" " ind2=" ">
    <subfield code="a">440 p&#xE1;ginas :</subfield>
    <subfield code="b">ilustraciones </subfield>
  </datafield>
  <datafield tag="500" ind1=" " ind2=" ">
    <subfield code="a">Incluye &#xED;ndice</subfield>
  </datafield>
  <datafield tag="504" ind1=" " ind2=" ">
    <subfield code="a">Incluye bibliograf&#xED;as</subfield>
  </datafield>
  <datafield tag="505" ind1=" " ind2=" ">
    <subfield code="a">I. Entendiendo el d&#xE9;ficit de atenci&#xF3;n con y sin hiperactividad. -- II. Caracter&#xED;sticas del ni&#xF1;o hiperactivo. -- III. C&#xF3;mo saber si mi hijo o mi alumno es hiperactivo: El diagnostico. -- IV. El tratamiento del ni&#xF1;o hiperactivo. -- V. Soluciones para los problemas m&#xE1;s inmediatos.  </subfield>
  </datafield>
  <datafield tag="650" ind1=" " ind2="7">
    <subfield code="a">Attention-deficit hyperactivity disorder</subfield>
    <subfield code="x">Treatment.</subfield>
    <subfield code="9">3552</subfield>
  </datafield>
  <datafield tag="650" ind1=" " ind2="7">
    <subfield code="a">Trastorno por d&#xE9;ficit de atenci&#xF3;n con hiperactividad</subfield>
    <subfield code="9">3553</subfield>
  </datafield>
  <datafield tag="650" ind1=" " ind2="7">
    <subfield code="a">Ni&#xF1;os hiperactivos</subfield>
    <subfield code="9">3554</subfield>
  </datafield>
  <datafield tag="942" ind1=" " ind2=" ">
    <subfield code="2">lcc</subfield>
    <subfield code="c">COL. RES.</subfield>
    <subfield code="n">0</subfield>
  </datafield>
  <datafield tag="999" ind1=" " ind2=" ">
    <subfield code="c">2514</subfield>
    <subfield code="d">2514</subfield>
  </datafield>
  <datafield tag="952" ind1=" " ind2=" ">
    <subfield code="0">0</subfield>
    <subfield code="1">0</subfield>
    <subfield code="2">lcc</subfield>
    <subfield code="4">0</subfield>
    <subfield code="7">0</subfield>
    <subfield code="8">Col. Res.</subfield>
    <subfield code="a">BHMS</subfield>
    <subfield code="b">BHMS</subfield>
    <subfield code="c">Full Space</subfield>
    <subfield code="d">2006-12-12</subfield>
    <subfield code="e">Donaci&#xF3;n Ed. Mediterr&#xE1;neo</subfield>
    <subfield code="i">000793</subfield>
    <subfield code="l">0</subfield>
    <subfield code="o">WS350 O69 4&#xAA;ed 1998</subfield>
    <subfield code="p">000793</subfield>
    <subfield code="r">2025-06-17 09:45:44</subfield>
    <subfield code="t">c.1</subfield>
    <subfield code="w">2025-06-17</subfield>
    <subfield code="y">COL. RES.</subfield>
  </datafield>
</record>
